U.S. States that have E in their name - Statistics

General Stats
  • This quiz has been taken 61 times
  • The average score is 19 of 20
Answer Stats
# of E's Answer % Correct
2 New Mexico
100%
1 New York
100%
4 Tennessee
100%
1 Texas
100%
2 Delaware
98%
1 Kentucky
98%
1 Maine
98%
2 New Hampshire
98%
3 New Jersey
98%
1 Pennsylvania
98%
1 Nevada
96%
1 Oregon
96%
1 Vermont
96%
1 West Virginia
96%
1 Rhode Island
94%
1 Connecticut
93%
1 Georgia
93%
1 Minnesota
93%
1 Nebraska
93%
1 Massachusetts
89%
No matching quizzes found
Score Distribution
Percent of People with Each Score
Percentile by Number Answered
Your Score History
You have not taken this quiz